|
|
|
|
| LEADER |
00000cam a2200000 7i4500 |
| 001 |
0000008217 |
| 002 |
000008960 |
| 005 |
20020423.0 |
| 020 |
|
|
|a 0721416535
|
| 090 |
0 |
0 |
|a JF
|b GRA
|
| 100 |
1 |
|
|a Grahame, Kenneth
|
| 245 |
1 |
4 |
|a The wind in the willows
|c Kenneth Grahame
|
| 260 |
|
|
|a USA :
|b Ladybird Books Ltd. ,
|c 1994
|
| 300 |
|
|
|a 51p. :
|b ill. ;
|c 17cm.
|
| 490 |
0 |
|
|a Ladybird Classics
|
| 650 |
0 |
0 |
|a Children's stories
|
| 999 |
|
|
|a 052403
|b BUKU
|c PINJAMAN
|e PERPUSTAKAAN KOMUNITI PETALING JAYA
|
| 999 |
|
|
|a 052404
|b BUKU
|c PINJAMAN
|e PERPUSTAKAAN KOMUNITI PETALING JAYA
|
| 999 |
|
|
|a 052405
|b BUKU
|c PINJAMAN
|e PERPUSTAKAAN KOMUNITI CAW KOTA DAMANSARA
|
| 999 |
|
|
|a 055507
|b BUKU
|c PINJAMAN
|e PERPUSTAKAAN KOMUNITI PETALING JAYA
|
| 999 |
|
|
|a 055508
|b BUKU
|c PINJAMAN
|e PERPUSTAKAAN KOMUNITI PETALING JAYA
|